Splatoon 2 Splatfests - Find the Fake - Statistics

General Stats
  • This quiz has been taken 121 times
  • The average score is 8 of 10
Answer Stats
Question Answer % Correct
February 2019 French Toast
94%
March 2019 Bard
91%
May 2019 Immortality
89%
August 2017 Mustard
87%
September 2017 Super Speed
87%
July 2017 Cookies
81%
August 2018 Knife
81%
December 2017 Gloves
68%
October 2017 Zombie
64%
April 2018 Basketball
60%
No matching quizzes found
Score Distribution
Percent of People with Each Score
Percentile by Number Answered
Your Score History
You have not taken this quiz